| 000 | 00579nac a22001691u 4500 | ||
|---|---|---|---|
| 020 | _a817649318x | ||
| 082 |
_a658.15 _bN968 |
||
| 090 |
_c1100 _d1100 |
||
| 100 | _aNugus, S. | ||
| 245 |
_aSpreedsheet skills for budgeting / _cSue Nugus. |
||
| 250 | _a1st ed. | ||
| 260 |
_aNew Delhi : _bViva books private limited. _c2002. |
||
| 300 |
_a59 p. : _bill. ; _c24 cm. |
||
| 650 | _aBudget in business. | ||
| 942 |
_cBB _k658.15N968 |
||
| 999 |
_c1100 _d1100 |
||